00624cam a22002054a 4500008004100000020002600041100001800067245008000085250001200165260004000177300004500217500002000262504004100282650002600323700001500349700002700364003000100391005001700392040000900409  a9780131755093 (pbk. )1 aJones, Allan.10aPractical skills in biology /cAllan Jones, Rob Reed [and] Jonathan Weyers. a4th ed. aHarlow :bPearson Education,c2007. axv, 473 p. :bill. (some col.) ;c28 cm. aIncludes index. aIncludes bibliographical references. 0aBiologyxMethodology.1 aReed, Rob.1 aWeyers, Jonathan D. B.20250821121244.0 cNUST